000 00691nam a2200289Ia 4500
005 20260324142334.0
008 008 260324s9999 xx 000 0 eng d
020 _a9781315004266
037 _aEBOOK
040 _aCRL
040 _beng
040 _cCRL
041 _2eng
041 _aeng
084 _qCRL
100 _aJohn Eldridge
_91199254
245 4 _aThe Glasgow Media Group Reader, Vol. I
245 0 _bNews Content, Langauge and Visuals
260 _bTaylor and Francis
260 _c1995
365 _a
365 _b230
856 _uhttp://www.taylorfrancis.com/books/9781315004266
942 _cEBOOK
999 _c1815635
_d1815635